Central Library OPAC University of Rajshahi

Applied psychology for advertisers / (Record no. 16009)

MARC details
000 -LEADER
fixed length control field 00774nam a22002652a 4500
001 - CONTROL NUMBER
control field 16009
003 - CONTROL NUMBER IDENTIFIER
rucl marc code BD-RjUL
005 - DATE AND TIME OF LATEST TRANSACTION
control field 20211208235930.0
008 - FIXED-LENGTH DATA ELEMENTS--GENERAL INFORMATION
fixed length control field 140211s1933 enka b 000 0 eng d
035 ## - SYSTEM CONTROL NUMBER
System control number (BD-RjUL)16064
040 ## - CATALOGING SOURCE
Original cataloging agency DLC
Transcribing agency BD-RjUL
Modifying agency EQO
Language of cataloging eng
041 ## - LANGUAGE CODE
Language code of text/sound track or separate title eng
082 ## - DEWEY DECIMAL CLASSIFICATION NUMBER
Classification number 659.1
Author mark and year BRA 1933
100 1# - MAIN ENTRY--PERSONAL NAME
Personal name Braddock, Albert Percy.
9 (RLIN) 49583
245 10 - TITLE STATEMENT
Title Applied psychology for advertisers /
Statement of responsibility, etc. by A. P. Braddock
260 ## - PUBLICATION, DISTRIBUTION, ETC. (IMPRINT)
Place of publication, distribution, etc. London [etc.] :
Name of publisher, distributor, etc. Butterworth & co. ltd,
Date of publication, distribution, etc. 1933
300 ## - PHYSICAL DESCRIPTION
Pagination xvi, 236, 6, [1] p.
Illustrations diagrs.
Size 22 cm
504 ## - BIBLIOGRAPHY, ETC. NOTE
Bibliography, etc Bibliography: p. 235-236
650 #0 - SUBJECT ADDED ENTRY--TOPICAL TERM
Topical term or geographic name as entry element Advertising
9 (RLIN) 49584
Topical term or geographic name as entry element Psychology, Applied
9 (RLIN) 5669
830 #0 - SERIES ADDED ENTRY--UNIFORM TITLE
Volume number/sequential designation VI
Uniform title Library of advertising ;
942 ## - ADDED ENTRY ELEMENTS (KOHA)
Source of classification or shelving scheme Dewey Decimal Classification
Koha item type Books
Holdings
Lost status Source of classification or shelving scheme Damaged status Not for loan Collection code Permanent Location Current Location Shelving location Date acquired Source of acquisition Cost, normal purchase price Total Checkouts Full call number Date last seen Copy number Koha item type
  Dewey Decimal Classification   Not For Loan Non-fiction Central Library, University of Rajshahi Central Library, University of Rajshahi Reading Room 05/08/1958 Mahmud Brothers 7.14   659.1 BRA 1933 11/02/2014 C-1 Books